Ciencias naturales y salud 3: unidades 5 y 6

Gespeichert in:
Bibliographische Detailangaben
1. Verfasser: Figueredo de Urrego, Edith (VerfasserIn)
Format: Buch
Sprache:Spanisch
Veröffentlicht: Bogotá Ministerio de Educación Nacional 1990
Schriftenreihe:Programa Escuela Nueva
Schlagworte:
Tags: Tag hinzufügen
Keine Tags, Fügen Sie den ersten Tag hinzu!

MARC

LEADER 00000nam a2200000 a 4500
001 UCW7788
003 CL-VaPUC
008 930903e19900000CK |||||||||||||||||spa|d
082 0 4 |a 372.3  |b FIG  |2 21 
100 0 |a Figueredo de Urrego, Edith  |e author  |9 313007 
245 1 0 |a Ciencias naturales y salud 3: unidades 5 y 6 
300 |a 99 p 
942 |c BK 
945 |d 19930903 00:00:00 
260 |a Bogotá  |b Ministerio de Educación Nacional  |c 1990 
650 0 |a Ciencia   |x Enseñanza  |9 308112 
583 |a last modification  |c 19930903 00:00:00  |k Rodrigo Vera 
490 0 |a Programa Escuela Nueva 
999 |c 220449  |d 220447 
952 |0 0  |1 0  |4 0  |6 372_300000000000000_FIG_1990  |7 0  |8 P  |9 212673  |a BIBEDU  |b BIBEDU  |c BIBEDU_PB  |d 2019-11-15  |i 280848K  |o 372.3 FIG 1990  |p 280848K  |r 2024-01-25  |w 2019-11-15  |y BK  |k EDU